Manu Max and Gandhi. (Record no. 443)

MARC details
000 -LEADER
fixed length control field 00439cam a2200181ua 4500
008 - FIXED-LENGTH DATA ELEMENTS--GENERAL INFORMATION
fixed length control field 110407n ii |||gr||||Z||||||eng
040 ## - CATALOGING SOURCE
Transcribing agency MAIN
082 ## - DEWEY DECIMAL CLASSIFICATION NUMBER
Classification number 320.5
245 ## - TITLE STATEMENT
Title Manu Max and Gandhi.
Statement of responsibility, etc. By J.P Suda.
250 ## - EDITION STATEMENT
Edition statement 1st.
260 ## - PUBLICATION, DISTRIBUTION, ETC.
Place of publication, distribution, etc. Meerut.:
Name of publisher, distributor, etc. Jayprakash Nath & Co.,967.
300 ## - PHYSICAL DESCRIPTION
Extent vi, 188 p.:5 cm.
700 1# - ADDED ENTRY--PERSONAL NAME
Personal name Suda, J.P.,
942 ## - ADDED ENTRY ELEMENTS (KOHA)
Koha item type Books
653 ## - INDEX TERM--UNCONTROLLED
Uncontrolled term Political science.
653 ## - INDEX TERM--UNCONTROLLED
Uncontrolled term Manu, Max and Gandhi.
Holdings
Withdrawn status Lost status Damaged status Not for loan Home library Current library Shelving location Date acquired Total Checkouts Full call number Barcode Date last seen Date last checked out Copy number Price effective from Koha item type
        Central Library, Naharkatiya College Central Library, Naharkatiya College   19/09/2020 1 320.5 | SUD 1117 21/11/2024 14/11/2024 1 19/09/2020 Books

Naharkatiya College © 2020. All rights reserved.

Powered By